PENGUBATAN AL-QURAN : (Record no. 874)

000 -LEADER
fixed length control field nam a22 a 4500
003 - CONTROL NUMBER IDENTIFIER
control field AKMAL
005 - DATE AND TIME OF LATEST TRANSACTION
control field 20170505160325.0
008 - FIXED-LENGTH DATA ELEMENTS--GENERAL INFORMATION
fixed length control field 170505s2014 my o g 000 0 may d
020 ## - INTERNATIONAL STANDARD BOOK NUMBER
International Standard Book Number 9789670482460
Qualifying information hardback
Terms of availability RM45.00
040 ## - CATALOGING SOURCE
Original cataloging agency AKMAL
082 04 - DEWEY DECIMAL CLASSIFICATION NUMBER
Classification number 297.122861 RAF
Edition number 23
090 00 - LOCALLY ASSIGNED LC-TYPE CALL NUMBER (OCLC); LOCAL CALL NUMBER (RLIN)
Classification number (OCLC) (R) ; Classification number, CALL (RLIN) (NR) 297.122861
Local cutter number (OCLC) ; Book number/undivided call number, CALL (RLIN) RAF
100 0# - MAIN ENTRY--PERSONAL NAME
Personal name Raflis Sabirin,
Titles and words associated with a name Ustaz,
Dates associated with a name 1966-
Relator term author.
9 (RLIN) 1873
245 10 - TITLE STATEMENT
Title PENGUBATAN AL-QURAN :
Remainder of title PENAWAR SEGALA PENYAKIT /
Statement of responsibility, etc. USTAZ RAFLIS SABIRIN ; Disusun dan disunting oleh HAJI ZAINUDDIN AYIP
246 33 - VARYING FORM OF TITLE
Title proper/short title Pengubatan Al-Quran :
Remainder of title mencegah dan merawat sendiri pelbagai penyakit mengikut kalam Allah dan herba pilihan
250 ## - EDITION STATEMENT
Edition statement Edisi Eksklusif
264 #1 - PRODUCTION, PUBLICATION, DISTRIBUTION, MANUFACTURE, AND COPYRIGHT NOTICE
Place of production, publication, distribution, manufacture Batu Caves, Selangor :
Name of producer, publisher, distributor, manufacturer PUSTAKA AL-EHSAN,
Date of production, publication, distribution, manufacture, or copyright notice [2014?]
300 ## - PHYSICAL DESCRIPTION
Extent 260 pages :
Other physical details colour photographs ;
Dimensions 24 cm
500 ## - GENERAL NOTE
General note Contains verses from the Qur’an
504 ## - BIBLIOGRAPHY, ETC. NOTE
Bibliography, etc. note Bibliography: page 260
650 10 - SUBJECT ADDED ENTRY--TOPICAL TERM
Topical term or geographic name entry element Medicine
General subdivision Religious aspects
-- Islam
9 (RLIN) 1849
650 20 - SUBJECT ADDED ENTRY--TOPICAL TERM
Topical term or geographic name entry element Medicine in the Qur'an
9 (RLIN) 1848
700 0# - ADDED ENTRY--PERSONAL NAME
Personal name Zainuddin Ayip,
Relator term editor.
9 (RLIN) 1874
942 ## - ADDED ENTRY ELEMENTS (KOHA)
Source of classification or shelving scheme
Koha item type Book
Holdings
Withdrawn status Lost status Source of classification or shelving scheme Damaged status Not for loan Collection code Home library Current library Shelving location Date acquired Inventory number Total Checkouts Full call number Barcode Date last seen Price effective from Koha item type
          NON-FICTION AKMAL Melaka AKMAL Melaka PINJAMAN 05.05.2017 200991   297.122861 RAF 201701939 05.05.2017 05.05.2017 Book
Pusat Sumber Maklumat Dato' Haji Sarmin Md Hussin, Akademi Kastam Diraja Malaysia, Melaka
Tel: 06-2331106 | Faks: 06-2313787